Agenda Mercantil 2017

Detalles Bibliográficos
Formato: eBook
Lenguaje:español
Publicado: Mx̌ico DF: Ediciones Fiscales ISEF, 2017
Materias:
Acceso en línea:Acceso restringido

MARC

LEADER 00000nam a22000007a 4500
005 20170523232528.0
007 cr|||| ||||
008 170523s2017 mx |||||s|||| 00||0 spa d
020 |a 978-607-406-825-2 
035 |a 20256 
040 |a vLex 
090 |c 6690  |d 6690 
245 0 0 |a Agenda Mercantil 2017  |h [Recurso electrn̤ico] / 
256 |a Servicio en ln̕ea 
260 |a Mx̌ico DF:  |b Ediciones Fiscales ISEF,  |c 2017 
300 |a 1 recurso electrn̤ico 
500 |a La mejor recopilacin̤ de de disposiciones en materia Mercantil. 
506 1 |a Disponible solo en los productos indicados  |d vLex Global  |d vLex Global (Academic Edition, excluding Law Schools)  |d vLex Global (U.S. Academic Edition, Law Schools)  |d vLex Global (U.S. Academic Edition, excluding Law Schools)  |d vLex Global (Academic Edition, Law Schools) 
650 0 4 |a Derecho Mercantil y de la Empresa  |z Mx̌ico 
740 0 |a vLex Libros (Servicio en ln̕ea) 
856 4 0 |u http://vlex.com/source/agenda-mercantil-2017-20256  |z Acceso restringido 
942 |c BOOK 
999 0 |a Commercial and Company Law